[Event "DVM U16 2022"]
[Site "Darmstadt GER"]
[Date "2022.12.27"]
[Round "2"]
[White "Bungarten, Jona"]
[Black "Bilovil, Bogdan"]
[Result "1/2-1/2"]
[Termination "normal"]
[Board "1.1"]
[BlackTitle "FM"]
[WhiteElo "2151"]
[BlackElo "2373"]
[WhiteClock "01:08:19"]
[BlackClock "01:14:33"]
[WhiteTeam "Schachfreunde Brackel 1930 e. V."]
[BlackTeam "Rhedaer Schachverein von 1931 e. V."]
[PlyCount "69"]
[WhiteFideId "16223608"]
[BlackFideId "14168766"]
[EventCountry "GER"]
[EventRounds "7"]
[EventType "team-swiss"]
[EventDate "2022.12.26"]

1. e4 {[%clk 1:30:58]} c5 {[%clk 1:30:52]} 2. d4 {[%clk 1:31:21]} cxd4 {[%clk
1:31:17]} 3. c3 {[%clk 1:31:47]} Nf6 {[%clk 1:31:41]} 4. e5 {[%clk 1:32:11]}
Nd5 {[%clk 1:31:58]} 5. Nf3 {[%clk 1:32:34]} Nc6 {[%clk 1:32:14]} 6. Bc4 {[%clk
1:32:45]} Nb6 {[%clk 1:32:36]} 7. Bb3 {[%clk 1:33:10]} d5 {[%clk 1:32:58]} 8.
exd6 {[%clk 1:33:34]} Qxd6 {[%clk 1:33:23]} 9. O-O {[%clk 1:33:58]} Be6 {[%clk
1:33:48]} 10. Na3 {[%clk 1:34:24]} dxc3 {[%clk 1:34:10]} 11. Bxe6 {[%clk
1:34:41]} Qxd1 {[%clk 1:34:32]} 12. Rxd1 {[%clk 1:35:05]} fxe6 {[%clk 1:34:53]}
13. Nb5 {[%clk 1:34:35]} Rc8 {[%clk 1:35:13]} 14. Nxc3 {[%clk 1:33:49]} h6
{[%clk 1:35:28]} 15. Nd4 {[%clk 1:28:25]} Nxd4 {[%clk 1:35:00]} 16. Rxd4 {[%clk
1:28:49]} Nc4 {[%clk 1:35:11]} 17. Re4 {[%clk 1:22:55]} Kf7 {[%clk 1:34:28]}
18. Nb5 {[%clk 1:22:21]} a6 {[%clk 1:26:22]} 19. Nd4 {[%clk 1:22:36]} Rd8
{[%clk 1:26:44]} 20. f4 {[%clk 1:18:34]} g6 {[%clk 1:23:54]} 21. Nxe6 {[%clk
1:17:27]} Rd1 {[%clk 1:24:16]} 22. Kf2 {[%clk 1:17:52]} Nd6 {[%clk 1:24:42]}
23. Re2 {[%clk 1:18:05]} Bg7 {[%clk 1:22:43]} 24. Nxg7 {[%clk 1:15:04]} Rc8
{[%clk 1:23:08]} 25. Ne6 {[%clk 1:10:46]} Rcxc1 {[%clk 1:23:23]} 26. Rxc1
{[%clk 1:11:13]} Rxc1 {[%clk 1:23:52]} 27. g4 {[%clk 1:10:51]} b5 {[%clk
1:22:01]} 28. Nd4 {[%clk 1:08:58]} Ra1 {[%clk 1:14:36]} 29. b3 {[%clk 1:07:12]}
Rc1 {[%clk 1:13:09]} 30. Nf3 {[%clk 1:06:43]} a5 {[%clk 1:13:13]} 31. Ne5
{[%clk 1:06:56]} Kf6 {[%clk 1:13:17]} 32. Nd7 {[%clk 1:07:06]} Kf7 {[%clk
1:13:41]} 33. Ne5 {[%clk 1:07:29]} Kf6 {[%clk 1:14:10]} 34. Nd7 {[%clk
1:07:53]} Kf7 {[%clk 1:14:33]} 35. Ne5 {[%clk 1:08:19]} 1/2-1/2

[Event "DVM U16 2022"]
[Site "Darmstadt GER"]
[Date "2022.12.27"]
[Round "2"]
[White "Kolkmann, Tom"]
[Black "Tomasjan, Samuel"]
[Result "0-1"]
[Termination "normal"]
[Board "1.2"]
[WhiteElo "1661"]
[BlackElo "1796"]
[WhiteClock "01:12:54"]
[BlackClock "00:37:02"]
[WhiteTeam "Rhedaer Schachverein von 1931 e. V."]
[BlackTeam "Schachfreunde Brackel 1930 e. V."]
[PlyCount "58"]
[WhiteFideId "34607013"]
[BlackFideId "16235584"]
[EventCountry "GER"]
[EventRounds "7"]
[EventType "team-swiss"]
[EventDate "2022.12.26"]

1. e4 {[%clk 1:30:59]} e5 {[%clk 1:30:54]} 2. d4 {[%clk 1:31:26]} exd4 {[%clk
1:31:21]} 3. c3 {[%clk 1:31:52]} d5 {[%clk 1:31:46]} 4. exd5 {[%clk 1:32:16]}
Qxd5 {[%clk 1:32:12]} 5. cxd4 {[%clk 1:32:43]} Nf6 {[%clk 1:32:30]} 6. Nf3
{[%clk 1:33:05]} Nc6 {[%clk 1:31:32]} 7. Nc3 {[%clk 1:33:28]} Bb4 {[%clk
1:31:57]} 8. Be2 {[%clk 1:33:39]} O-O {[%clk 1:30:32]} 9. O-O {[%clk 1:34:02]}
Qd6 {[%clk 1:15:54]} 10. Be3 {[%clk 1:33:06]} Bg4 {[%clk 1:14:00]} 11. h3
{[%clk 1:32:46]} Bh5 {[%clk 1:13:24]} 12. Qd3 {[%clk 1:32:29]} Rfe8 {[%clk
1:09:48]} 13. Nb5 {[%clk 1:32:16]} Qd7 {[%clk 1:08:10]} 14. Rfd1 {[%clk
1:29:52]} Nd5 {[%clk 0:52:24]} 15. Bd2 {[%clk 1:16:50]} Bg6 {[%clk 0:51:05]}
16. Qc4 {[%clk 1:13:30]} Na5 {[%clk 0:49:50]} 17. Ne5 {[%clk 1:11:50]} Rxe5
{[%clk 0:48:55]} 18. dxe5 {[%clk 1:11:49]} Nxc4 {[%clk 0:49:18]} 19. Bxc4
{[%clk 1:12:04]} Bxd2 {[%clk 0:49:35]} 20. Rxd2 {[%clk 1:12:24]} c6 {[%clk
0:49:55]} 21. Nc3 {[%clk 1:12:34]} Qc7 {[%clk 0:46:28]} 22. Rad1 {[%clk
1:11:36]} Nxc3 {[%clk 0:44:41]} 23. bxc3 {[%clk 1:11:58]} h6 {[%clk 0:39:59]}
24. f4 {[%clk 1:12:18]} Qb6 {[%clk 0:39:57]} 25. Kh2 {[%clk 1:12:42]} Qe3
{[%clk 0:40:13]} 26. g3 {[%clk 1:12:23]} Qxc3 {[%clk 0:38:59]} 27. Bb3 {[%clk
1:12:48]} Kh7 {[%clk 0:37:28]} 28. Rd7 {[%clk 1:13:06]} Qf3 {[%clk 0:36:48]}
29. R1d2 {[%clk 1:12:54]} Be4 {[%clk 0:37:02]} 0-1

[Event "DVM U16 2022"]
[Site "Darmstadt GER"]
[Date "2022.12.27"]
[Round "2"]
[White "Kasapchuk, Oleksandr Jr."]
[Black "Schirneck, Ethan"]
[Result "1-0"]
[Termination "normal"]
[Board "1.3"]
[WhiteElo "1650"]
[BlackElo "1497"]
[WhiteClock "00:11:27"]
[BlackClock "00:20:26"]
[WhiteTeam "Schachfreunde Brackel 1930 e. V."]
[BlackTeam "Rhedaer Schachverein von 1931 e. V."]
[PlyCount "111"]
[WhiteFideId "14197596"]
[BlackFideId "34625593"]
[EventCountry "GER"]
[EventRounds "7"]
[EventType "team-swiss"]
[EventDate "2022.12.26"]

1. e4 {[%clk 1:30:59]} e5 {[%clk 1:30:50]} 2. Nf3 {[%clk 1:31:26]} Nc6 {[%clk
1:30:54]} 3. Bb5 {[%clk 1:31:54]} d6 {[%clk 1:30:23]} 4. d4 {[%clk 1:32:19]}
exd4 {[%clk 1:29:12]} 5. Nxd4 {[%clk 1:32:34]} Bd7 {[%clk 1:29:20]} 6. Nc3
{[%clk 1:32:58]} Nf6 {[%clk 1:28:52]} 7. Bxc6 {[%clk 1:33:17]} Bxc6 {[%clk
1:28:25]} 8. Nxc6 {[%clk 1:33:11]} bxc6 {[%clk 1:28:49]} 9. Bg5 {[%clk
1:33:36]} Be7 {[%clk 1:28:38]} 10. Qd3 {[%clk 1:33:57]} O-O {[%clk 1:28:31]}
11. O-O-O {[%clk 1:34:18]} Nd7 {[%clk 1:27:51]} 12. Bxe7 {[%clk 1:33:41]} Qxe7
{[%clk 1:28:12]} 13. f4 {[%clk 1:24:59]} Rfd8 {[%clk 1:22:49]} 14. g4 {[%clk
1:18:44]} Rab8 {[%clk 1:19:32]} 15. g5 {[%clk 1:10:35]} Nc5 {[%clk 1:17:15]}
16. Qf3 {[%clk 1:10:25]} Rb4 {[%clk 1:14:09]} 17. Rde1 {[%clk 1:02:28]} Rdb8
{[%clk 1:10:20]} 18. b3 {[%clk 0:59:39]} Qd7 {[%clk 1:09:30]} 19. f5 {[%clk
0:58:05]} a5 {[%clk 1:06:11]} 20. h4 {[%clk 0:53:47]} Qe8 {[%clk 1:03:53]} 21.
f6 {[%clk 0:52:42]} Qe5 {[%clk 1:01:57]} 22. fxg7 {[%clk 0:51:52]} Qxg7 {[%clk
1:02:10]} 23. Rhf1 {[%clk 0:39:54]} a4 {[%clk 1:01:42]} 24. Qf6 {[%clk
0:39:47]} axb3 {[%clk 1:01:10]} 25. axb3 {[%clk 0:40:03]} Ra8 {[%clk 1:00:05]}
26. e5 {[%clk 0:39:16]} Rxh4 {[%clk 0:57:01]} 27. exd6 {[%clk 0:34:42]} cxd6
{[%clk 0:55:47]} 28. Re7 {[%clk 0:34:18]} Qxf6 {[%clk 0:53:51]} 29. Rxf6 {[%clk
0:34:35]} Rh1 {[%clk 0:52:43]} 30. Kb2 {[%clk 0:34:46]} Rh2 {[%clk 0:52:40]}
31. Rxd6 {[%clk 0:33:42]} Ne6 {[%clk 0:51:13]} 32. Ne4 {[%clk 0:33:43]} c5
{[%clk 0:42:20]} 33. Rdd7 {[%clk 0:30:05]} Rf8 {[%clk 0:38:43]} 34. Nf6 {[%clk
0:26:01]} Kh8 {[%clk 0:38:48]} 35. Rxf7 {[%clk 0:18:31]} Rxf7 {[%clk 0:38:52]}
36. Rxf7 {[%clk 0:19:00]} Nxg5 {[%clk 0:38:25]} 37. Re7 {[%clk 0:18:49]} Rh6
{[%clk 0:35:44]} 38. Nd7 {[%clk 0:16:48]} Rc6 {[%clk 0:33:18]} 39. Re5 {[%clk
0:15:56]} Ne6 {[%clk 0:31:54]} 40. Kc3 {[%clk 0:15:52]} Nc7 {[%clk 0:26:01]}
41. Nxc5 {[%clk 0:15:05]} Nb5 {[%clk 0:25:15]} 42. Kb4 {[%clk 0:15:10]} Nd4
{[%clk 0:25:02]} 43. c4 {[%clk 0:14:49]} Rb6 {[%clk 0:24:06]} 44. Kc3 {[%clk
0:15:08]} Nf3 {[%clk 0:24:14]} 45. Rf5 {[%clk 0:12:08]} Nh4 {[%clk 0:22:20]}
46. Rh5 {[%clk 0:12:16]} Ng6 {[%clk 0:22:09]} 47. Ne4 {[%clk 0:12:29]} Kg7
{[%clk 0:21:17]} 48. c5 {[%clk 0:12:24]} Re6 {[%clk 0:20:50]} 49. Kd4 {[%clk
0:12:45]} h6 {[%clk 0:20:26]} 50. Nd6 {[%clk 0:11:24]} Nf4 {[%clk 0:19:55]} 51.
Rh4 {[%clk 0:11:32]} Ng6 {[%clk 0:19:41]} 52. Rh1 {[%clk 0:11:01]} Nf4 {[%clk
0:19:40]} 53. Nf5 {[%clk 0:11:20]} Kh7 {[%clk 0:19:49]} 54. Rxh6 {[%clk
0:10:58]} Rxh6 {[%clk 0:20:05]} 55. Nxh6 {[%clk 0:11:27]} Kxh6 {[%clk 0:20:26]}
56. Ke4 1-0

[Event "DVM U16 2022"]
[Site "Darmstadt GER"]
[Date "2022.12.27"]
[Round "2"]
[White "Englert, Luca"]
[Black "Ermitsch, Magnus"]
[Result "0-1"]
[Termination "normal"]
[Board "2.1"]
[BlackTitle "FM"]
[WhiteElo "1967"]
[BlackElo "2215"]
[WhiteClock "00:23:11"]
[BlackClock "00:36:00"]
[WhiteTeam "VfB Schach Leipzig e.V."]
[BlackTeam "SC Borussia Lichtenberg"]
[PlyCount "96"]
[WhiteFideId "16293088"]
[BlackFideId "16234464"]
[EventCountry "GER"]
[EventRounds "7"]
[EventType "team-swiss"]
[EventDate "2022.12.26"]

1. e4 {[%clk 1:30:59]} c5 {[%clk 1:30:35]} 2. Nf3 {[%clk 1:31:19]} e6 {[%clk
1:30:54]} 3. d4 {[%clk 1:31:44]} cxd4 {[%clk 1:31:12]} 4. Nxd4 {[%clk 1:32:10]}
Nc6 {[%clk 1:31:33]} 5. c4 {[%clk 1:31:23]} Nf6 {[%clk 1:31:56]} 6. Nc3 {[%clk
1:31:43]} Bb4 {[%clk 1:32:20]} 7. f3 {[%clk 1:31:46]} O-O {[%clk 1:21:06]} 8.
Be3 {[%clk 1:10:16]} d5 {[%clk 1:16:33]} 9. Qb3 {[%clk 0:55:18]} Qa5 {[%clk
1:07:25]} 10. Bd3 {[%clk 0:44:27]} Ne5 {[%clk 1:03:55]} 11. Qc2 {[%clk
0:39:51]} dxe4 {[%clk 0:52:50]} 12. fxe4 {[%clk 0:37:16]} Nfg4 {[%clk 0:52:52]}
13. Bg1 {[%clk 0:33:36]} Nxd3 {[%clk 0:51:24]} 14. Qxd3 {[%clk 0:34:00]} Ne5
{[%clk 0:51:22]} 15. Qg3 {[%clk 0:28:33]} Nxc4 {[%clk 0:49:52]} 16. Nb3 {[%clk
0:28:06]} Qh5 {[%clk 0:47:30]} 17. Bd4 {[%clk 0:24:13]} f6 {[%clk 0:43:30]} 18.
O-O {[%clk 0:24:08]} Bd6 {[%clk 0:41:39]} 19. e5 {[%clk 0:20:49]} Bxe5 {[%clk
0:38:45]} 20. Bxe5 {[%clk 0:20:57]} Qxe5 {[%clk 0:38:30]} 21. Qh4 {[%clk
0:19:13]} Nxb2 {[%clk 0:34:47]} 22. Rf3 {[%clk 0:17:00]} a5 {[%clk 0:25:32]}
23. Re1 {[%clk 0:09:32]} Qg5 {[%clk 0:24:52]} 24. Qf2 {[%clk 0:09:33]} Nc4
{[%clk 0:24:04]} 25. Ne4 {[%clk 0:08:23]} Qd5 {[%clk 0:22:01]} 26. Qg3 {[%clk
0:04:38]} Kh8 {[%clk 0:21:08]} 27. Rd3 {[%clk 0:04:57]} Qf5 {[%clk 0:17:40]}
28. Nd4 {[%clk 0:04:30]} Qg6 {[%clk 0:16:36]} 29. Qc7 {[%clk 0:03:07]} Ne5
{[%clk 0:15:25]} 30. Rg3 {[%clk 0:02:20]} Qf7 {[%clk 0:15:46]} 31. Qb6 {[%clk
0:02:00]} Nc4 {[%clk 0:15:49]} 32. Qc5 {[%clk 0:02:17]} e5 {[%clk 0:16:00]} 33.
Ng5 {[%clk 0:02:01]} Qg8 {[%clk 0:14:16]} 34. Re4 {[%clk 0:00:45]} fxg5 {[%clk
0:14:15]} 35. Nf3 {[%clk 0:00:58]} g4 {[%clk 0:12:38]} 36. Ng5 {[%clk 0:00:42]}
Nd2 {[%clk 0:12:43]} 37. Re1 {[%clk 0:00:56]} Bf5 {[%clk 0:13:02]} 38. h3
{[%clk 0:00:56]} gxh3 {[%clk 0:12:55]} 39. Rxe5 {[%clk 0:00:58]} Rac8 {[%clk
0:11:47]} 40. Qe7 {[%clk 0:00:31]} Rc1 {[%clk 0:11:54]} 41. Re1 {[%clk
0:30:05]} Ne4 {[%clk 0:38:39]} 42. Rxc1 {[%clk 0:29:26]} Nxg3 {[%clk 0:38:54]}
43. Rc7 {[%clk 0:29:35]} h6 {[%clk 0:38:26]} 44. Nf7 {[%clk 0:29:53]} Kh7
{[%clk 0:38:36]} 45. gxh3 {[%clk 0:27:17]} Bg6 {[%clk 0:35:32]} 46. Ne5 {[%clk
0:22:55]} Rf1 {[%clk 0:35:14]} 47. Kh2 {[%clk 0:23:04]} Qxa2 {[%clk 0:35:37]}
48. Kxg3 {[%clk 0:23:11]} Qf2 {[%clk 0:36:00]} 0-1

[Event "DVM U16 2022"]
[Site "Darmstadt GER"]
[Date "2022.12.27"]
[Round "2"]
[White "Zielke, Ansgar"]
[Black "Schön, Florian"]
[Result "1-0"]
[Termination "normal"]
[Board "2.2"]
[WhiteElo "1549"]
[BlackElo "1730"]
[WhiteClock "00:26:18"]
[BlackClock "00:31:38"]
[WhiteTeam "SC Borussia Lichtenberg"]
[BlackTeam "VfB Schach Leipzig e.V."]
[PlyCount "71"]
[WhiteFideId "16244800"]
[BlackFideId "16259394"]
[EventCountry "GER"]
[EventRounds "7"]
[EventType "team-swiss"]
[EventDate "2022.12.26"]

1. d4 {[%clk 1:30:56]} Nf6 {[%clk 1:30:10]} 2. Bf4 {[%clk 1:31:17]} g6 {[%clk
1:29:56]} 3. e3 {[%clk 1:31:37]} Bg7 {[%clk 1:30:16]} 4. c3 {[%clk 1:31:55]}
O-O {[%clk 1:30:04]} 5. Nd2 {[%clk 1:31:57]} d6 {[%clk 1:29:53]} 6. Ngf3 {[%clk
1:32:08]} Nbd7 {[%clk 1:29:54]} 7. Qc2 {[%clk 1:31:13]} Re8 {[%clk 1:28:16]} 8.
Be2 {[%clk 1:24:57]} e5 {[%clk 1:22:16]} 9. dxe5 {[%clk 1:19:21]} dxe5 {[%clk
1:21:55]} 10. Bg5 {[%clk 1:18:23]} Nc5 {[%clk 1:19:44]} 11. Rd1 {[%clk
1:14:49]} Bf5 {[%clk 1:03:41]} 12. e4 {[%clk 1:04:07]} Ncxe4 {[%clk 1:02:28]}
13. Nxe4 {[%clk 0:59:14]} Bxe4 {[%clk 1:02:49]} 14. Rxd8 {[%clk 0:49:33]} Bxc2
{[%clk 1:03:04]} 15. Rxa8 {[%clk 0:49:29]} Rxa8 {[%clk 1:03:33]} 16. Nxe5
{[%clk 0:49:02]} Ne4 {[%clk 1:02:00]} 17. Nf3 {[%clk 0:47:11]} Nxg5 {[%clk
1:01:36]} 18. Nxg5 {[%clk 0:47:32]} Re8 {[%clk 1:01:52]} 19. Kd2 {[%clk
0:45:21]} Bh6 {[%clk 1:02:06]} 20. Bc4 {[%clk 0:41:26]} Bf5 {[%clk 0:56:43]}
21. Bxf7 {[%clk 0:39:00]} Kf8 {[%clk 0:56:45]} 22. Bxe8 {[%clk 0:39:01]} Bxg5
{[%clk 0:57:01]} 23. Ke2 {[%clk 0:36:49]} Kxe8 {[%clk 0:57:28]} 24. f3 {[%clk
0:36:07]} Bc2 {[%clk 0:53:46]} 25. h4 {[%clk 0:35:16]} Bf4 {[%clk 0:50:48]} 26.
h5 {[%clk 0:34:57]} g5 {[%clk 0:50:58]} 27. Kf2 {[%clk 0:34:47]} Bd2 {[%clk
0:49:16]} 28. g3 {[%clk 0:34:21]} g4 {[%clk 0:42:45]} 29. f4 {[%clk 0:33:53]}
Kf7 {[%clk 0:39:58]} 30. Ke2 {[%clk 0:34:07]} Bxf4 {[%clk 0:39:58]} 31. Rf1
{[%clk 0:28:28]} Bf5 {[%clk 0:37:21]} 32. Rxf4 {[%clk 0:28:22]} Kf6 {[%clk
0:37:25]} 33. Ke3 {[%clk 0:28:11]} c5 {[%clk 0:37:20]} 34. Ra4 {[%clk 0:27:23]}
a6 {[%clk 0:36:12]} 35. Ra5 {[%clk 0:26:44]} c4 {[%clk 0:31:38]} 36. Rc5 {[%clk
0:26:18]} 1-0

[Event "DVM U16 2022"]
[Site "Darmstadt GER"]
[Date "2022.12.27"]
[Round "2"]
[White "Orlowski, Arthur"]
[Black "Vecera, Fabio"]
[Result "0-1"]
[Termination "normal"]
[Board "2.4"]
[WhiteElo "1764"]
[BlackElo "1454"]
[WhiteClock "00:30:09"]
[BlackClock "00:25:56"]
[WhiteTeam "SC Borussia Lichtenberg"]
[BlackTeam "VfB Schach Leipzig e.V."]
[PlyCount "90"]
[WhiteFideId "34640177"]
[BlackFideId "16281705"]
[EventCountry "GER"]
[EventRounds "7"]
[EventType "team-swiss"]
[EventDate "2022.12.26"]

1. d4 {[%clk 1:30:58]} Nf6 {[%clk 1:30:54]} 2. c4 {[%clk 1:31:26]} g6 {[%clk
1:31:16]} 3. g3 {[%clk 1:31:54]} c6 {[%clk 1:30:40]} 4. Bg2 {[%clk 1:32:05]} d5
{[%clk 1:30:08]} 5. Nc3 {[%clk 1:30:52]} Bg7 {[%clk 1:28:13]} 6. Nf3 {[%clk
1:29:58]} O-O {[%clk 1:28:09]} 7. O-O {[%clk 1:29:42]} Nbd7 {[%clk 1:23:25]} 8.
cxd5 {[%clk 1:23:50]} cxd5 {[%clk 1:19:59]} 9. Qb3 {[%clk 1:21:32]} e6 {[%clk
1:16:57]} 10. a4 {[%clk 1:19:20]} Nb6 {[%clk 1:03:45]} 11. Ne5 {[%clk 1:14:27]}
Nfd7 {[%clk 1:01:56]} 12. Nxd7 {[%clk 1:10:45]} Bxd7 {[%clk 1:01:50]} 13. Rd1
{[%clk 1:07:38]} Bc6 {[%clk 0:56:44]} 14. Qc2 {[%clk 1:02:44]} Nc4 {[%clk
0:50:36]} 15. b3 {[%clk 1:00:44]} Nd6 {[%clk 0:50:23]} 16. Ba3 {[%clk 0:58:37]}
Re8 {[%clk 0:50:25]} 17. Rac1 {[%clk 0:57:09]} Rc8 {[%clk 0:43:04]} 18. Qd3
{[%clk 0:54:55]} Nf5 {[%clk 0:30:25]} 19. e3 {[%clk 0:53:30]} h5 {[%clk
0:25:33]} 20. Nb5 {[%clk 0:49:12]} Qa5 {[%clk 0:19:11]} 21. Bf1 {[%clk
0:41:31]} Red8 {[%clk 0:14:42]} 22. h3 {[%clk 0:27:57]} Bxb5 {[%clk 0:07:01]}
23. Qxb5 {[%clk 0:28:17]} Qxb5 {[%clk 0:07:20]} 24. Bxb5 {[%clk 0:28:02]} Bh6
{[%clk 0:06:52]} 25. Kg2 {[%clk 0:25:50]} a6 {[%clk 0:02:15]} 26. Bd3 {[%clk
0:25:12]} Bxe3 {[%clk 0:00:56]} 27. fxe3 {[%clk 0:24:23]} Nxe3 {[%clk 0:01:24]}
28. Kf2 {[%clk 0:23:38]} Nxd1 {[%clk 0:01:48]} 29. Rxd1 {[%clk 0:23:46]} Rc3
{[%clk 0:02:11]} 30. Bc5 {[%clk 0:16:12]} Rxb3 {[%clk 0:02:29]} 31. a5 {[%clk
0:15:43]} Kg7 {[%clk 0:01:44]} 32. Ke3 {[%clk 0:14:45]} f6 {[%clk 0:01:34]} 33.
Rf1 {[%clk 0:14:30]} Re8 {[%clk 0:00:59]} 34. Kd2 {[%clk 0:12:55]} Rb2 {[%clk
0:01:07]} 35. Kc3 {[%clk 0:13:09]} Rg2 {[%clk 0:00:59]} 36. Bd6 {[%clk
0:07:27]} e5 {[%clk 0:01:24]} 37. dxe5 {[%clk 0:07:05]} fxe5 {[%clk 0:01:46]}
38. Re1 {[%clk 0:06:14]} Kf6 {[%clk 0:00:54]} 39. Rf1 {[%clk 0:06:17]} Kg7
{[%clk 0:01:10]} 40. Re1 {[%clk 0:06:37]} e4 {[%clk 0:00:32]} 41. Bf1 {[%clk
0:06:10]} Ra2 {[%clk 0:29:26]} 42. Kd4 {[%clk 0:31:37]} Rxa5 {[%clk 0:27:37]}
43. Bc7 {[%clk 0:31:56]} Ra2 {[%clk 0:26:35]} 44. Kxd5 {[%clk 0:30:03]} Rd2
{[%clk 0:26:46]} 45. Kc5 {[%clk 0:30:09]} Rc8 {[%clk 0:25:56]} 0-1

[Event "DVM U16 2022"]
[Site "Darmstadt GER"]
[Date "2022.12.27"]
[Round "2"]
[White "Eull, Emil"]
[Black "Gutewort, Paul Emil"]
[Result "1-0"]
[Termination "normal"]
[Board "3.2"]
[WhiteElo "1969"]
[BlackElo "1667"]
[WhiteClock "00:02:46"]
[BlackClock "00:11:33"]
[WhiteTeam "SF Neuberg"]
[BlackTeam "Schachfreunde Nordost Berlin"]
[PlyCount "117"]
[WhiteFideId "16253809"]
[BlackFideId "16204182"]
[EventCountry "GER"]
[EventRounds "7"]
[EventType "team-swiss"]
[EventDate "2022.12.26"]

1. c4 {[%clk 1:30:55]} g6 {[%clk 1:30:51]} 2. Nc3 {[%clk 1:31:18]} Bg7 {[%clk
1:31:14]} 3. g3 {[%clk 1:31:40]} c5 {[%clk 1:30:32]} 4. Bg2 {[%clk 1:32:01]}
Nc6 {[%clk 1:30:56]} 5. Nf3 {[%clk 1:32:23]} e6 {[%clk 1:29:45]} 6. d4 {[%clk
1:32:45]} cxd4 {[%clk 1:30:10]} 7. Nb5 {[%clk 1:33:07]} d5 {[%clk 1:30:34]} 8.
cxd5 {[%clk 1:33:05]} Qa5 {[%clk 1:28:34]} 9. Nd2 {[%clk 1:33:24]} Qxb5 {[%clk
1:28:51]} 10. dxc6 {[%clk 1:33:48]} bxc6 {[%clk 1:29:16]} 11. a4 {[%clk
1:34:06]} Qb6 {[%clk 1:23:16]} 12. Nc4 {[%clk 1:29:53]} Qa6 {[%clk 1:16:04]}
13. b3 {[%clk 1:16:03]} Ne7 {[%clk 1:13:07]} 14. Ba3 {[%clk 1:06:45]} Bd7
{[%clk 1:04:40]} 15. Qd3 {[%clk 1:03:27]} Kf8 {[%clk 0:55:56]} 16. O-O {[%clk
1:02:04]} Rd8 {[%clk 0:54:39]} 17. Rac1 {[%clk 0:57:38]} Bf6 {[%clk 0:51:40]}
18. Qf3 {[%clk 0:45:14]} Kg7 19. Nd6 {[%clk 0:40:39]} Nf5 {[%clk 0:33:20]} 20.
Ne4 {[%clk 0:39:28]} Be5 {[%clk 0:33:24]} 21. Nc5 {[%clk 0:26:30]} Qb6 {[%clk
0:29:15]} 22. Qe4 {[%clk 0:20:56]} Bf6 {[%clk 0:27:33]} 23. Qd3 {[%clk
0:13:31]} Be8 {[%clk 0:24:23]} 24. Ne4 {[%clk 0:12:48]} Be7 {[%clk 0:21:06]}
25. Bc5 {[%clk 0:08:14]} Bxc5 {[%clk 0:20:32]} 26. Rxc5 {[%clk 0:08:22]} h5
{[%clk 0:16:54]} 27. h3 {[%clk 0:08:12]} f6 {[%clk 0:15:05]} 28. Rfc1 {[%clk
0:06:38]} Ne7 {[%clk 0:13:28]} 29. R1c4 {[%clk 0:05:19]} e5 {[%clk 0:11:22]}
30. f4 {[%clk 0:04:47]} exf4 {[%clk 0:07:41]} 31. Rxd4 {[%clk 0:04:01]} Bf7
{[%clk 0:07:05]} 32. gxf4 {[%clk 0:03:06]} Rd5 {[%clk 0:05:26]} 33. a5 {[%clk
0:02:44]} Qd8 {[%clk 0:05:28]} 34. Rdxd5 {[%clk 0:02:45]} cxd5 {[%clk 0:05:49]}
35. Nc3 {[%clk 0:01:26]} Qd6 {[%clk 0:05:55]} 36. Qd4 {[%clk 0:00:55]} Nf5
{[%clk 0:05:15]} 37. Qf2 {[%clk 0:01:10]} d4 {[%clk 0:04:37]} 38. Ne4 {[%clk
0:01:32]} Qe7 {[%clk 0:03:15]} 39. Rb5 {[%clk 0:00:58]} Ne3 {[%clk 0:02:06]}
40. a6 {[%clk 0:25:10]} Rc8 {[%clk 0:01:27]} 41. Rb7 Rc7 {[%clk 0:30:24]} 42.
Nd2 {[%clk 0:17:28]} Qd6 {[%clk 0:29:01]} 43. Nf1 {[%clk 0:15:38]} Nxg2 {[%clk
0:19:51]} 44. Qxg2 {[%clk 0:15:35]} Rc6 {[%clk 0:18:55]} 45. f5 {[%clk
0:13:38]} g5 {[%clk 0:19:04]} 46. Qf3 {[%clk 0:13:06]} Kf8 {[%clk 0:18:13]} 47.
Rxa7 {[%clk 0:12:25]} Rc3 {[%clk 0:13:18]} 48. Qb7 {[%clk 0:09:05]} Rg3 {[%clk
0:13:30]} 49. Nxg3 {[%clk 0:08:50]} Qxg3 {[%clk 0:13:53]} 50. Qg2 {[%clk
0:07:59]} Qe3 {[%clk 0:13:37]} 51. Kh1 {[%clk 0:04:44]} d3 {[%clk 0:12:17]} 52.
Rxf7 {[%clk 0:05:02]} Kxf7 {[%clk 0:12:40]} 53. Qd5 {[%clk 0:04:43]} Kg7 54.
Qxd3 {[%clk 0:04:59]} Qf2 {[%clk 0:12:22]} 55. Qf3 {[%clk 0:04:59]} Qe1 {[%clk
0:12:18]} 56. Kg2 {[%clk 0:05:19]} Qa5 {[%clk 0:10:50]} 57. Qb7 {[%clk
0:04:41]} Kh6 {[%clk 0:11:13]} 58. a7 {[%clk 0:04:30]} Qa2 {[%clk 0:11:33]} 59.
Qe7 {[%clk 0:02:46]} 1-0

[Event "DVM U16 2022"]
[Site "Darmstadt GER"]
[Date "2022.12.27"]
[Round "2"]
[White "Pomrehn, Ole Magnus"]
[Black "Beck, Felix"]
[Result "1/2-1/2"]
[Termination "normal"]
[Board "3.4"]
[WhiteElo "1525"]
[BlackElo "1535"]
[WhiteClock "00:32:50"]
[BlackClock "00:41:42"]
[WhiteTeam "SF Neuberg"]
[BlackTeam "Schachfreunde Nordost Berlin"]
[PlyCount "47"]
[WhiteFideId "16232704"]
[BlackFideId "16255364"]
[EventCountry "GER"]
[EventRounds "7"]
[EventType "team-swiss"]
[EventDate "2022.12.26"]

1. d4 {[%clk 1:30:56]} d5 {[%clk 1:30:53]} 2. e3 {[%clk 1:31:18]} Nf6 {[%clk
1:30:57]} 3. Bd3 {[%clk 1:31:20]} c6 {[%clk 1:31:09]} 4. Nd2 {[%clk 1:31:14]}
Bg4 {[%clk 1:29:32]} 5. Ngf3 {[%clk 1:30:57]} e6 {[%clk 1:29:33]} 6. c3 {[%clk
1:31:12]} Nbd7 {[%clk 1:29:29]} 7. e4 {[%clk 1:31:08]} dxe4 {[%clk 1:28:06]} 8.
Nxe4 {[%clk 1:31:23]} Nxe4 {[%clk 1:28:16]} 9. Bxe4 {[%clk 1:31:44]} Nf6 {[%clk
1:28:32]} 10. Bg5 {[%clk 1:28:07]} Be7 {[%clk 1:27:38]} 11. Bxf6 {[%clk
1:27:58]} Bxf6 {[%clk 1:28:01]} 12. Qc2 {[%clk 1:23:12]} Bxf3 {[%clk 1:21:47]}
13. Bxf3 {[%clk 1:23:29]} Qd6 {[%clk 1:19:53]} 14. Qe4 {[%clk 1:19:51]} O-O
{[%clk 1:14:24]} 15. O-O {[%clk 1:19:41]} Rac8 {[%clk 1:09:39]} 16. Rad1 {[%clk
1:16:48]} b5 {[%clk 1:08:02]} 17. b4 {[%clk 1:11:52]} Qc7 {[%clk 1:05:52]} 18.
Rd3 {[%clk 0:52:29]} Rfd8 {[%clk 0:52:50]} 19. Rfd1 {[%clk 0:49:42]} e5 {[%clk
0:46:56]} 20. dxe5 {[%clk 0:48:34]} Rxd3 {[%clk 0:47:17]} 21. Rxd3 {[%clk
0:39:04]} Qxe5 {[%clk 0:44:01]} 22. Qxe5 {[%clk 0:39:12]} Bxe5 {[%clk 0:44:25]}
23. Bxc6 {[%clk 0:34:19]} g6 {[%clk 0:41:42]} 24. Bxb5 {[%clk 0:32:50]} 1/2-1/2